00611 2200217 4500001002100000005001500021035002000036007000300056008004100059020001800100082001000118084001600128100001700144245008600161250001000247260004800257300003100305650001600336504002800352990001300380INLIS00000000000160720180220030110 a0010-0218000202ta180220 f 0 ind  a979-421-871-5 a297.4 a297.4 JAI m0 aJAIH.Mubarok1 aModifikasi Hukum Islam :bStudi Tentang Qawl Qadim dan Qawl Jadid /cJaih Mubarok acet 1 ajakarta :bPT. Raja Grafindo Persada,c2002 axiv, 324 hlm ;c13 x 21 cm afiqih islam aBibliografi:hal 313-320 a1071 686